000 00769nam a2200205Ii 4500
003 JO-AjNU
008 230605s9999||||xx |||||||||||||| ||und||
040 _aJO-AjNU
_bara
_erda
_cJO-AjNU
041 _aara
050 1 4 _aGV885.H3 1982
100 3 _aعبد الجواد، حسن,
_eauthor
_920273
245 0 0 _aكرة السلة: المبادىء الأساسية ، الألعاب الإعدادية، القانون الدولي
250 _aط5
264 3 1 _aبيروت: دار العلم للملايين،1982
300 _a160ص
336 _atext
_btxt
_2rdacontent
337 _aunmediated
_bn
_2rdamedia
338 _avolume
_bnc
_2rdacarrier
650 4 _aكرة السلة - رياضة القانون الدولي لكرة السلة - رياضة
_920274
999 _aA6841
_c10409
_d10409